LEADER 01374nam a2200313 i 4500 001 000000211899 003 CaOOAMICUS 005 20120319000000.0 008 120319s2007 it u000 u ita u 013 $a190720 020 $a978-88-7885-014-9 040 $aSeMil$bita 100 1 $aMarion, Jean-Luc,$d<1946- >.$0(OLS)http://semarc/name/2629 245 10$aDialogo con l'amore /$cJean-Luc Marion ; a cura di Ugo Perone. 260 $aTorino :$bRosenberg & Sellier,$c2007. 300 $a133 p. ;$c21 cm. 490 0 $aDubbio & speranza 650 4$aMetafisica.$0(OLS)http://semarc/subject/188 650 4$aMarion, Jean-Luc <1946- > - Dono.$0(OLS)http://semarc/subject/19894 650 4$aAmore - Concezione filosofica.$0(OLS)http://semarc/subject/22290 650 4$aMarion, Jean-Luc <1946- > - Pensiero filosofico.$0(OLS)http://semarc/subject/35429 700 1 $aPerone, Ugo <1945- >.$0(OLS)http://semarc/name/3146 830 0$aDubbio & speranza.$0(OLS)http://semarc/title/35374 850 $aSeMil 852 $aSeMil$W1$xVenegono$y1$m2P II 782$j162338$B162338$CSeMilBibl$Z2$F173677 $81 961 $aOmaggio: Paleari don Marco 996 $6020$a978-88-7885-014-9$9(OLS)http://semarc/number/207266 996 $6245$aDialogo con l'amore$9(OLS)http://semarc/title/305993 996 $6260$aTorino :$bRosenberg & Sellier$9(OLS)http://semarc/publisher/29742 LEADER 01487nam a2200301 i 4500 001 000000220865 003 CaOOAMICUS 005 20130606000000.0 008 130606s1998 it u000 u ita u 013 $a199762 020 $a88-7166-371-3 040 $aSeMil$bita 100 1 $aGentile, Giovanni,$d<1875-1944>.$0(OLS)http://semarc/name/1189 240 10$aCarteggio Gentile-Calogero.$0(OLS)http://semarc/title/316682 245 10$aCarteggio, 1926-1942 /$cGentile-Calogero ; a cura di Cristina Farnetti. 260 $aFirenze :$bLe Lettere,$c1998. 300 $aXVI, 222 p. ;$c22 cm. 650 4$aGentile, Giovanni <1875-1944> - Lettere e carteggi.$0(OLS)http://semarc/subject/3658 700 1 $aFarnetti, Cristina.$0(OLS)http://semarc/name/10558 700 1 $aCalogero, Guido,$d<1904-1986>.$0(OLS)http://semarc/name/676 773 0 $aGentile, Giovanni <1875-1944>$tOpere complete di Giovanni Gentile.$dFirenze : Sansoni : [poi]... Firenze : Le Lettere, 1955.$kOpere complete di Giovanni Gentile$w()1334 773 0 $aGentile, Giovanni <1875-1944>$tEpistolario.$dFirenze : Sansoni, [195.]$g13$w()23481 850 $aSeMil 852 $aSeMil$W1$xVenegono$y1$m2O II 366$j171219$B171219$CSeMilBibl$Z2$F181752 $81 961 $aSottoscrizione: LI.CO.SA 996 $6020$a88-7166-371-3$9(OLS)http://semarc/number/219553 996 $6245$aCarteggio, 1926-1942$9(OLS)http://semarc/title/316681 996 $6260$aFirenze :$bLe Lettere$9(OLS)http://semarc/publisher/31664